| 000 | 01118nam a2200301 c 4500 | ||
|---|---|---|---|
| 003 | BLK | ||
| 005 | 20180420235552.0 | ||
| 008 | 180411b bul|||||r ||||||| ||bul|| | ||
| 010 | _aKNG00183221000 | ||
| 040 | _aBLK | ||
| 041 |
_aBUL _cBUL |
||
| 080 |
_aНемска литература _b821.112.2 _x-992 _z821.112.2-992 |
||
| 100 | 1 |
_aЩойбен, Куно С. _eпърви автор _9144654 |
|
| 700 | 1 |
_aТихов, Симеон _eпрев. от нем. _9339841 |
|
| 139 |
_aЩойбен, Куно С. _bЩ 47 |
||
| 245 | 1 | 0 |
_aКъм златните извори на фараоните _bПътепис за горното течение на р. Нил _cКуно С. Щойбен; прев. от нем. Симеон Тихов. |
| 257 | _aDEU | ||
| 260 |
_аСофия _bПрофиздат _c1967 |
||
| 300 |
_a192 с. _bс ил. _c18 см |
||
| 380 | _aX | ||
| 490 | 1 |
_aСветът отблизо _v3 |
|
| 500 | _a18 720 тир. | ||
| 852 | _aЦб І 9435 | ||
| 856 | 4 |
_qpdf _u |
|
| 856 | 4 |
_qpdf _u |
|
| 942 |
_cKNG _n0 |
||
| 944 |
_aCR _c06.10.2015 _kКамелия_Данева |
||
| 944 |
_aED _c06.10.2015 _kКамелия_Данева |
||
| 999 |
_c174720 _d174720 |
||